000
00325nam a2200145Ia 4500
100
_a
Stones/ Richard/ Mathew/ Neil
942
_c
RB
654
_a
computer
245
_a
Begining Linux Programming
260
_b
Shroff Publishers
_c
1999
082
_a
005.133'L'
_b
MAT
300
_a
945
546
_a
ENGLISH
999
_c
31900
_d
31900